Analýza a účtovné zobrazenie úverového procesu v Prvej stavebnej sporiteľni, a. s. diplomová práca

Guardado en:
Detalles Bibliográficos
Autor principal: Čech, Ján
Autor Corporativo: Fakulta hospodárskej informatiky EU. Katedra účtovníctva a audítorstva
Otros Autores: Kadlečíková, Oľga, 1973-
Formato: Libro
Lenguaje:eslovaco
Publicado: Bratislava 2010
Etiquetas: Agregar Etiqueta
Sin Etiquetas, Sea el primero en etiquetar este registro!

MARC

LEADER 00000nam$a2200000$$$4500
001 0118721
005 20240318121705.2
041 0 |a slo 
044 |a SK 
245 1 0 |a Analýza a účtovné zobrazenie úverového procesu v Prvej stavebnej sporiteľni, a. s.  |b diplomová práca  |c Ján Čech ; škol. Oľga Kadlečíková 
264 1 |a Bratislava  |c 2010 
300 |a 70 s. 
100 1 |a Čech, Ján 
700 1 |a Kadlečíková, Oľga, 1973- 
710 2 |a Fakulta hospodárskej informatiky EU. Katedra účtovníctva a audítorstva